Animais que mais matam no mundo - Statistics

Estatísticas Gerais
  • Esse quiz foi jogado 1 146 vezes
  • A pontuação média é 6 de 10
Estatísticas das Respostas
Mortes Animal % Correto
100 leão
91%
57 m cobra
87%
500 hipopotamo
80%
1 M mosquito
69%
100 elefante
60%
1000 crocodilo
53%
3250 escorpião
53%
53 abelha
33%
100 alforreca / aguaviva
20%
10 m mosca tsé tsé
15%
Nenhum quiz correspondente encontrado
Distribuição das Pontuações
Porcentagem de Pessoas com Cada Pontuação
Percentil de Números Respondidos
Sua Pontuação Histórica
Você não jogou esse quiz